000 00528nam a2200241Ia 4500
003 IT-RoPAU
008 120407s9999 xx 000 0 und d
040 _aIT-RoPAU
040 _cIT-RoPAU
041 _aita
100 _aBerthe Bernage
245 _aGioie della terza età
250 _aAssisi
260 _aCittadella
260 _c1969
300 _a129 p.
300 _c19 cm
490 _aSpiritualità del nostro tempo
490 _v1
600 _aAnziani, vita spirituale
942 _cBK
999 _c25121
_d25121